000 00804nam a22002417a 4500
005 20170206101449.0
010 _aB-529007-036 ENG-110508
020 _a9788131519080
_c350.00
035 _aB-529007-036
035 _aEN-94040
037 _adpl
_bUBH/Ven
037 _bDBAD/PUB
082 _a530
100 _aSharma, B.M.
245 _aCrash course in physics for joint entrance examination JEE (Main) /
_cby B.M.Sharma
260 _aDelhi
_bCengage Learning
_c2013
270 _a418,F.I.E.,Patparganj
_bDelhi
_e110092
300 _avarious pagings.:
_bill.
_c24cm(pbk)
490 _aCengage Learning's exam crack series
520 _a13-14EN
942 _2ddc
_cEN
_h530
_mSHA
999 _c83164
_d83164